[Event "European Rapid 2014"]
[Site "Wroclaw POL"]
[Date "2014.12.21"]
[Round "10.45"]
[White "Lewicki, Miroslaw"]
[Black "Belous, Vladimir"]
[Result "0-1"]
[WhiteTitle "CM"]
[BlackTitle "GM"]
[WhiteElo "2208"]
[BlackElo "2578"]
[WhiteFideId "1113380"]
[BlackFideId "4174003"]
[EventDate "2014.12.20"]

1. e4 c5 2. Nf3 Nc6 3. Bb5 d6 4. O-O Bd7 5. Nc3 Nf6 6. d4 cxd4 7. Nxd4 g6 8. f3
Bg7 9. Be3 O-O 10. Qd2 Re8 11. Rad1 Ne5 12. Be2 a6 13. h3 Rc8 14. b3 b5 15. Nd5
Nc6 16. c4 Nxd5 17. Nxc6 Bxc6 18. exd5 Bd7 19. Rc1 bxc4 20. Bxc4 Bb5 21. Qd3 Qa5
22. a4 Bxc4 23. Rxc4 Rxc4 24. Qxc4 Rb8 25. Rc1 Bb2 26. Rb1 Bf6 27. Rc1 h5 28.
Bf2 Kh7 29. Qd3 Qb4 30. Qxa6 Qxb3 31. Qc6 Qa2 32. Qc4 Qa3 33. Re1 Rb4 34. Qc8
Kg7 35. Qc7 Qxa4 36. Kh2 Rb2 37. Kg1 Qa2 38. Qa7 Qxd5 39. Rxe7 Rb1+ 40. Kh2 Bxe7 0-1

[Event "European Rapid 2014"]
[Site "Wroclaw POL"]
[Date "2014.12.21"]
[Round "10.46"]
[White "Kosyrev, Vladimir"]
[Black "Dobrowolski, Aleksander"]
[Result "1-0"]
[WhiteTitle "GM"]
[WhiteElo "2520"]
[BlackElo "2274"]
[WhiteFideId "4122259"]
[BlackFideId "1112040"]
[EventDate "2014.12.20"]

1. d4 d5 2. c4 e6 3. Nc3 Be7 4. Nf3 Nf6 5. Bg5 O-O 6. e3 h6 7. Bh4 Ne4 8. Bxe7
Qxe7 9. cxd5 Nxc3 10. bxc3 exd5 11. Qb3 Rd8 12. c4 dxc4 13. Bxc4 Nc6 14. Be2 b6
15. O-O Bb7 16. Rac1 Rac8 17. a3 Na5 18. Qb4 c5 19. dxc5 Rxc5 20. Rxc5 Qxc5 21.
Qxc5 bxc5 22. Rc1 Bxf3 23. gxf3 Nb3 24. Rc3 Rd2 25. Bb5 Rb2 26. Bc6 a5 27. Kg2
Kf8 28. Ba4 Nd2 29. Rxc5 Ra2 30. Bc6 Rxa3 31. Bd5 f6 32. Rc7 Rd3 33. Be6 Rd6 34.
Ba2 g5 35. Ra7 h5 36. Rxa5 Kg7 37. h3 h4 38. Bd5 f5 39. Bb7 Kg6 40. Bc8 Rf6 41.
Rc5 Nb3 42. Rb5 Nd2 43. Rb4 Rc6 44. Bd7 Rd6 45. Ba4 Kf6 46. Bc2 Rc6 47. Bd3 Rd6
48. Be2 Kg6 49. Rb8 Kf6 50. Bb5 Kg6 51. Rf8 Nb3 52. Be8+ Kh6 53. Rxf5 1-0

[Event "European Rapid 2014"]
[Site "Wroclaw POL"]
[Date "2014.12.21"]
[Round "10.47"]
[White "Machan, Jan"]
[Black "Jaracz, Pawel"]
[Result "0-1"]
[BlackTitle "GM"]
[WhiteElo "2240"]
[BlackElo "2503"]
[WhiteFideId "334774"]
[BlackFideId "1102222"]
[EventDate "2014.12.20"]

1. e4 c5 2. c3 Nf6 3. e5 Nd5 4. d4 cxd4 5. Qxd4 e6 6. Nf3 Nc6 7. Qe4 Qc7 8. Nbd2
b6 9. Bd3 Bb7 10. O-O f5 11. exf6 gxf6 12. Nb3 O-O-O 13. Qe2 h5 14. Ba6 Rg8 15.
Bxb7+ Kxb7 16. Nbd4 Nxd4 17. Nxd4 Bc5 18. Rd1 Rg4 19. Be3 Rdg8 20. g3 h4 21. Kf1
hxg3 22. hxg3 Re4 23. Rd3 Bxd4 24. cxd4 f5 25. Qf3 Qc4 26. Qe2 f4 27. gxf4 Nxf4
28. Bxf4 Rxe2 29. Kxe2 Qc2+ 30. Rd2 Qc4+ 31. Rd3 Qb5 32. b3 Rc8 33. Rc1 Qh5+ 34.
f3 Rxc1 35. Bxc1 Qh2+ 36. Kd1 Qxa2 37. Bd2 a5 38. Ke2 Qc2 39. Ke3 Qd1 40. Kf2
Kc6 41. d5+ exd5 42. f4 Qh5 43. Rf3 Qh2+ 44. Ke1 Qg1+ 45. Rf1 Qg3+ 46. Ke2 Qg2+
47. Ke1 Qe4+ 48. Kd1 Qd3 49. Ke1 Qxb3 50. f5 Qb1+ 51. Ke2 Qe4+ 52. Kd1 Qg4+ 53.
Ke1 Qh4+ 54. Kd1 Qf6 55. Rf3 a4 56. Kc2 d4 57. Bc1 Kd5 58. Kd3 Qe7 59. Rf4 Qc5
60. Bb2 Qb5+ 61. Kc2 Qb3+ 62. Kb1 a3 63. Rxd4+ Kc5 0-1

[Event "European Rapid 2014"]
[Site "Wroclaw POL"]
[Date "2014.12.21"]
[Round "10.48"]
[White "Djuric, Stefan"]
[Black "Paprocki, Jaroslaw"]
[Result "1-0"]
[WhiteTitle "GM"]
[WhiteElo "2402"]
[BlackElo "2186"]
[WhiteFideId "900133"]
[BlackFideId "1122274"]
[EventDate "2014.12.20"]

1. d4 Nf6 2. c4 e6 3. Nf3 b6 4. Nc3 Bb4 5. Qb3 c5 6. a3 Ba5 7. Bg5 cxd4 8. Nxd4
Na6 9. Nb5 O-O 10. Qc2 Bxc3+ 11. Nxc3 h6 12. Bh4 Bb7 13. Rd1 Nc5 14. f3 d5 15.
e4 Ncd7 16. cxd5 exd5 17. exd5 Rc8 18. Qd2 Re8+ 19. Be2 Qe7 20. d6 Qe6 21. Bxf6
Qxf6 22. O-O Re5 23. Bb5 Rd8 24. Qd4 Qg5 25. Bc4 Nc5 26. h4 Qf5 27. Rfe1 Rxe1+
28. Rxe1 Qg6 29. h5 Qg3 30. Bxf7+ Kxf7 31. Qc4+ Kf6 32. Re7 Rf8 33. Qd4+ Kf5 34.
Ne2 Qe1+ 35. Kh2 1-0

[Event "European Rapid 2014"]
[Site "Wroclaw POL"]
[Date "2014.12.21"]
[Round "10.49"]
[White "Gdanski, Jacek"]
[Black "Bielinski, Dariusz"]
[Result "0-1"]
[WhiteTitle "GM"]
[WhiteElo "2500"]
[BlackElo "2178"]
[WhiteFideId "1100106"]
[BlackFideId "1109383"]
[EventDate "2014.12.20"]

1. e4 c5 2. Nc3 e6 3. Nf3 a6 4. d4 cxd4 5. Nxd4 Qc7 6. Bd3 Nf6 7. O-O d6 8. a4
b6 9. f4 Bb7 10. Qe2 Nbd7 11. Kh1 Be7 12. Bd2 O-O 13. Rae1 Nc5 14. e5 Nfd7 15.
Bxh7+ Kxh7 16. b4 dxe5 17. fxe5 Qxe5 18. Qxe5 Nxe5 19. Rxe5 Nd7 20. Rh5+ Kg8 21.
Nce2 Nf6 22. Rh3 Rac8 23. Bg5 Nd5 24. Bxe7 Nxe7 25. c3 e5 26. Nf3 f6 27. Kg1
Rfd8 28. Kf2 Rd3 29. a5 b5 30. Rc1 Nd5 31. Ne1 Rxh3 32. gxh3 Kf7 33. Nd3 Rc4 34.
Nc5 Bc8 35. Rd1 Nxc3 36. Nxc3 Rxc3 37. Rd8 Bxh3 38. Nxa6 e4 39. Nc5 e3+ 40. Kg3
e2+ 41. Kf2 Bg4 42. Nd3 Ke7 43. Rd4 f5 44. h3 Bh5 45. Rd5 g6 46. Nf4 Rf3+ 47.
Kxe2 Rxf4+ 48. Kd3 Rxb4 49. Kc3 Rc4+ 50. Kb3 Rh4 51. Rxb5 Rxh3+ 52. Kb4 Bf3 53.
a6 Rh8 54. a7 Ra8 55. Ra5 Kf6 56. Kc5 g5 57. Kd4 g4 58. Ke3 Kg5 0-1

[Event "European Rapid 2014"]
[Site "Wroclaw POL"]
[Date "2014.12.21"]
[Round "10.50"]
[White "Nagy, Gabor1"]
[Black "Perdek, Miroslaw"]
[Result "1-0"]
[WhiteTitle "IM"]
[BlackTitle "FM"]
[WhiteElo "2422"]
[BlackElo "2222"]
[WhiteFideId "737119"]
[BlackFideId "1102125"]
[EventDate "2014.12.20"]

1. Nf3 Nf6 2. c4 e6 3. Nc3 d5 4. d4 Bb4 5. g3 O-O 6. Bg2 dxc4 7. O-O c5 8. dxc5
Nc6 9. Qa4 Bd7 10. Bg5 h6 11. Bf4 Bxc5 12. Qxc4 Qe7 13. Ne5 Nxe5 14. Bxe5 Rac8
15. Qh4 Bc6 16. Bxc6 Rxc6 17. Rad1 Rfc8 18. Rd3 Bd6 19. Rxd6 Rxd6 20. Ne4 g5 21.
Qxh6 1-0

[Event "European Rapid 2014"]
[Site "Wroclaw POL"]
[Date "2014.12.21"]
[Round "10.51"]
[White "Meskovs, Nikita"]
[Black "Zakrzewski, Marek"]
[Result "1-0"]
[WhiteTitle "FM"]
[WhiteElo "2452"]
[BlackElo "2152"]
[WhiteFideId "11602740"]
[BlackFideId "1170694"]
[EventDate "2014.12.20"]

1. d4 Nf6 2. c4 e6 3. Nc3 Bb4 4. e3 O-O 5. Bd3 d5 6. Nf3 c5 7. O-O Nc6 8. a3 Ba5
9. h3 h6 10. Re1 a6 11. cxd5 Nxd5 12. Bd2 cxd4 13. exd4 Nxc3 14. bxc3 b5 15. Qe2
Qd6 16. Qe4 f5 17. Qh4 Bd7 18. Bf4 Qe7 19. Qg3 Bxc3 20. d5 Nd8 21. Bd6 f4 22.
Qg6 Qxd6 23. dxe6 Nxe6 24. Rad1 Bxe1 25. Qh7+ Kf7 26. Bg6+ Ke7 27. Rxd6 Kxd6 28.
Be4 Rae8 29. Nxe1 Ng5 30. Qg6+ Kc7 31. f3 Nxe4 32. fxe4 Re7 33. Nd3 Rf6 34. Qh5
g5 35. e5 Rc6 36. Qe2 Be6 37. Nb4 Bc4 38. Qf2 Rxe5 39. Qa7+ Kd6 40. Qb8+ Rc7 41.
Nxa6 Re7 42. Nxc7 Rxc7 43. Qf8+ Kd7 44. Qxh6 Rc5 45. Qg7+ Kc6 46. Qf6+ Kd7 47.
h4 gxh4 48. Qxf4 Bd5 49. Qxh4 Rc8 50. Qg4+ Kc7 51. Qg7+ Kb6 52. Qd7 Bb7 53. Qd4+
Ka6 54. g4 Rc4 55. Qf6+ Ka5 56. Qg7 Ka6 57. g5 Be4 58. Kf2 Bc2 59. Ke3 Kb6 60.
Kd2 Be4 61. Qf6+ Ka5 62. Qf7 Ka4 63. Qa7+ Kb3 64. Qa6 Rc5 65. Qe6+ Bd5 66. Qe3+ 1-0

[Event "European Rapid 2014"]
[Site "Wroclaw POL"]
[Date "2014.12.21"]
[Round "10.52"]
[White "Kuzmicz, Krystian"]
[Black "Podvin, Francois-xavier"]
[Result "1-0"]
[WhiteTitle "IM"]
[WhiteElo "2469"]
[BlackElo "2181"]
[WhiteFideId "1119125"]
[BlackFideId "677540"]
[EventDate "2014.12.20"]

1. e4 c5 2. d3 g6 3. g3 Bg7 4. Bg2 Nc6 5. f4 d6 6. Nf3 e5 7. O-O Nge7 8. f5 gxf5
9. Nh4 f4 10. Qh5 Be6 11. gxf4 exf4 12. Nf5 Bd4+ 13. Kh1 Qd7 14. c3 Be5 15. Bxf4
O-O-O 16. Nd2 Rdg8 17. Bh3 Kb8 18. Be3 Nxf5 19. Bxf5 Ne7 20. Bxe6 Qxe6 21. Rxf7
Ng6 22. Qf5 Qxf5 23. Rxf5 Nh4 24. Rf2 Rf8 25. Raf1 Ng6 26. Rxf8+ Rxf8 27. Rxf8+
Nxf8 28. Nc4 Ne6 29. Nxe5 dxe5 30. Kg2 Kc7 31. Kg3 Kd6 32. Kg4 b5 33. Kf5 a5 34.
b3 Nf8 35. Bf2 1-0

[Event "European Rapid 2014"]
[Site "Wroclaw POL"]
[Date "2014.12.21"]
[Round "10.53"]
[White "Marie, Maxime"]
[Black "Petrosyan, Tigran S."]
[Result "1-0"]
[WhiteTitle "CM"]
[BlackTitle "FM"]
[WhiteElo "2232"]
[BlackElo "2429"]
[WhiteFideId "625590"]
[BlackFideId "13303678"]
[EventDate "2014.12.20"]

1. c4 e6 2. g3 d5 3. Bg2 Nf6 4. Nf3 dxc4 5. O-O Nbd7 6. a4 a5 7. Na3 Nb6 8. Qc2
Bxa3 9. Rxa3 O-O 10. Rd1 Qd6 11. d3 Rd8 12. e4 e5 13. d4 Bg4 14. Be3 exd4 15.
Rxd4 Qe6 16. Ng5 Qe7 17. e5 Qxe5 18. Rxg4 h6 19. Nxf7 Kxf7 20. Qg6+ Ke6 21. Bxb6
Rd1+ 22. Bf1 Qd5 23. Bxc7 Rxf1+ 24. Kxf1 Qd1+ 25. Kg2 Qxg4 26. Re3+ Kd7 27. Qf7+
Kc6 28. Re6+ Kc5 29. Qe7+ Kd4 30. Qd6+ Nd5 31. Qe5+ Kd3 32. Qxd5+ Kc2 33. Re4
Qg6 34. Qxc4+ 1-0

[Event "European Rapid 2014"]
[Site "Wroclaw POL"]
[Date "2014.12.21"]
[Round "10.54"]
[White "Zwardon, Vojtech"]
[Black "Klykow, Lukasz"]
[Result "0-1"]
[WhiteTitle "IM"]
[WhiteElo "2389"]
[BlackElo "2150"]
[WhiteFideId "325511"]
[BlackFideId "1106767"]
[EventDate "2014.12.20"]

1. c4 e5 2. g3 Nc6 3. Bg2 f5 4. Nc3 Nf6 5. Nf3 e4 6. Ng5 Bb4 7. O-O Bxc3 8. bxc3
d6 9. d3 h6 10. Nh3 Be6 11. Rb1 Rb8 12. Qa4 O-O 13. Nf4 Bf7 14. Nd5 Nxd5 15.
cxd5 Bxd5 16. c4 Be6 17. dxe4 fxe4 18. Bxe4 Bf5 19. Bd5+ Kh7 20. Rxb7 Rxb7 21.
Bxc6 Rb1 22. Qxa7 Qf6 23. Qe3 Kh8 24. a4 Rfb8 25. Bb5 Ra1 26. f3 c6 27. Bxc6
Rbb1 28. Qd2 Qe5 29. Bb5 Bh3 30. Re1 Qc5+ 31. e3 Qb4 32. Kf2 Rxc1 33. Qxb4 Ra2+
34. Kg1 Rcc2 35. Rb1 Rg2+ 36. Kf1 Rxh2+ 37. Kg1 Rag2+ 38. Kf1 Rh1# 0-1

[Event "European Rapid 2014"]
[Site "Wroclaw POL"]
[Date "2014.12.21"]
[Round "10.55"]
[White "Dobrowolski, Piotr"]
[Black "Polok, Kacper"]
[Result "1-0"]
[WhiteTitle "IM"]
[WhiteElo "2434"]
[BlackElo "2228"]
[WhiteFideId "1106236"]
[BlackFideId "1137158"]
[EventDate "2014.12.20"]

1. d4 f5 2. e4 fxe4 3. Nc3 Nf6 4. Bg5 Nc6 5. Bb5 g6 6. h4 h6 7. Bxf6 exf6 8. Qg4
Kf7 9. h5 g5 10. Qxe4 Qe7 11. Bc4+ Kg7 12. O-O-O Qxe4 13. Nxe4 Na5 14. Bd3 d5
15. Ng3 Bd6 16. N1e2 Nc6 17. c3 Ne7 18. Rdf1 Rf8 19. f4 Bg4 20. Rf2 Rae8 21. Kd2
f5 22. Rhf1 Rf6 23. a3 Ref8 24. Kc2 Re6 25. Kd2 Ref6 26. Kc2 Re6 27. Kd2 Ref6
28. Kc2 c5 29. dxc5 Bxc5 30. Nd4 gxf4 31. Nge2 Bxe2 32. Rxe2 Nc6 33. Ne6+ Rxe6
34. Rxe6 Be3 35. g3 fxg3 36. Rxe3 f4 37. Re6 Ne5 38. Rxe5 g2 39. Re7+ Kf6 40.
Rxf4+ Kxe7 41. Rg4 Rf2+ 42. Kb3 Kd6 43. c4 dxc4+ 44. Bxc4 Ke5 45. Bd3 Kd5 46.
Be4+ Ke5 47. Bxg2 Rf5 48. Bxb7 Rxh5 49. Ra4 1-0

[Event "European Rapid 2014"]
[Site "Wroclaw POL"]
[Date "2014.12.21"]
[Round "10.56"]
[White "Sadzikowski, Daniel"]
[Black "Gasik, Anna"]
[Result "1-0"]
[WhiteTitle "IM"]
[BlackTitle "WIM"]
[WhiteElo "2492"]
[BlackElo "2183"]
[WhiteFideId "1132253"]
[BlackFideId "1121952"]
[EventDate "2014.12.20"]

1. d4 d5 2. c4 c6 3. Nc3 Nf6 4. Nf3 e6 5. e3 Nbd7 6. Qc2 Bd6 7. Bd3 O-O 8. O-O
dxc4 9. Bxc4 b5 10. Bd3 a6 11. Ne4 Nxe4 12. Bxe4 f5 13. Bxc6 Ra7 14. Bd2 Qb6 15.
d5 Nf6 16. Qb3 Kh8 17. Bc3 Nxd5 18. Bxd5 exd5 19. Bd4 Bc5 20. Qxd5 Bxd4 21. Qxd4
Qxd4 22. Nxd4 f4 23. Rac1 fxe3 24. fxe3 Rxf1+ 25. Kxf1 Bd7 26. Kf2 Kg8 27. e4
Kf7 28. Ke3 Ke7 29. e5 Be8 30. Rc6 g6 31. Ke4 a5 32. Re6+ Kf7 33. Rb6 b4 34. g4
Rc7 35. g5 Rc1 36. Rb7+ Kg8 37. Kd5 Rb1 38. b3 Rb2 39. Re7 Kf8 40. Rxh7 Rd2 41.
Ra7 Bf7+ 42. e6 Bxe6+ 43. Kxe6 Rxd4 44. Rxa5 Rd2 45. h3 Rd3 46. Ra4 Rd2 47. h4
Kg7 48. Rxb4 Rxa2 49. Rf4 Ra6+ 50. Kd7 1-0

[Event "European Rapid 2014"]
[Site "Wroclaw POL"]
[Date "2014.12.21"]
[Round "10.57"]
[White "Weichhold, Pawel"]
[Black "Eggink, Ryszard"]
[Result "1-0"]
[WhiteTitle "IM"]
[WhiteElo "2405"]
[BlackElo "2236"]
[WhiteFideId "1139703"]
[BlackFideId "1125869"]
[EventDate "2014.12.20"]

1. c4 Nf6 2. g3 e6 3. Bg2 d5 4. Nf3 Be7 5. O-O O-O 6. Qc2 b6 7. b3 Bb7 8. Bb2 c5
9. d3 Nc6 10. a3 Qc7 11. cxd5 exd5 12. e3 Rfd8 13. Nbd2 Rac8 14. Rac1 Qd7 15.
Rfd1 d4 16. e4 h6 17. Re1 Qe6 18. Rf1 b5 19. Rfe1 Na5 20. Bf1 Ba6 21. Qd1 Nh7
22. Kh1 Ng5 23. Nxg5 hxg5 24. Be2 Qb6 25. Rb1 c4 26. bxc4 bxc4 27. Nf3 Qb3 28.
dxc4 d3 29. Bf1 Qxd1 30. Rexd1 Bxc4 31. Bc3 Nc6 32. a4 Bf6 33. Rbc1 Bxc3 34.
Rxc3 Nb4 35. Ne5 Ba6 36. Rb3 Rb8 37. Kg2 Re8 38. Nd7 Rbd8 39. Nc5 Rd4 40. Rxb4
Rxb4 41. Nxa6 Rbxe4 42. Bxd3 Rxa4 43. Bb5 Ree4 44. Bxa4 Rxa4 45. Nc5 Ra2 46. Rd7
f6 47. Ne6 1-0

[Event "European Rapid 2014"]
[Site "Wroclaw POL"]
[Date "2014.12.21"]
[Round "10.58"]
[White "Marutkins, Olegs"]
[Black "Putka, Verners"]
[Result "0-1"]
[WhiteElo "2128"]
[BlackElo "2345"]
[WhiteFideId "11600012"]
[BlackFideId "11600659"]
[EventDate "2014.12.20"]

1. Nf3 Nf6 2. c4 c5 3. Nc3 b6 4. g3 Bb7 5. Bg2 e6 6. O-O Be7 7. d4 cxd4 8. Nxd4
Bxg2 9. Kxg2 Qc8 10. b3 d5 11. Qd3 dxc4 12. Qxc4 Qxc4 13. bxc4 O-O 14. Ncb5 a6
15. Na3 Rc8 16. Ndc2 Nbd7 17. Rb1 Kf8 18. Ne3 Ke8 19. Nac2 Ne4 20. Re1 Nd6 21.
Na3 Rc6 22. Bb2 Bf8 23. Rec1 Rac8 24. Rc2 Nb7 25. Rbc1 Bc5 26. Kf3 Nd6 27. h3 f6
28. h4 Bxa3 29. Bxa3 Ne5+ 30. Kg2 Ndxc4 31. Nxc4 Nxc4 32. Kh3 b5 33. Bb4 a5 34.
Be1 b4 35. h5 Ne5 36. Rxc6 Rxc6 37. Rb1 Rc2 38. a3 bxa3 39. Bxa5 a2 40. Ra1 Rxe2
41. f4 Nc6 42. Bc3 Rc2 43. Be1 Nd4 0-1

[Event "European Rapid 2014"]
[Site "Wroclaw POL"]
[Date "2014.12.21"]
[Round "10.59"]
[White "Zawadzka, Jolanta"]
[Black "Adamowicz, Katarzyna"]
[Result "1/2-1/2"]
[WhiteTitle "WGM"]
[BlackTitle "WFM"]
[WhiteElo "2419"]
[BlackElo "2194"]
[WhiteFideId "1122320"]
[BlackFideId "1134043"]
[EventDate "2014.12.20"]

1. e4 e5 2. Nf3 Nc6 3. Bb5 a6 4. Bxc6 dxc6 5. Nc3 f6 6. d4 exd4 7. Nxd4 c5 8.
Nde2 Qxd1+ 9. Nxd1 Be6 10. Bf4 O-O-O 11. Ne3 Bd6 12. O-O-O Ne7 13. h4 Rd7 14.
Bxd6 Rxd6 15. Rxd6 cxd6 16. Nf4 Bf7 17. h5 Kc7 18. b3 Kc6 19. c4 b5 20. Nfd5
Nxd5 21. exd5+ Kd7 22. Rh4 Re8 23. Kd2 Re5 24. g4 g6 25. hxg6 hxg6 26. Rh7 Re7
27. f4 Be8 28. Rh6 b4 29. Kd3 Rg7 30. Ke4 Ke7 31. f5 g5 32. Rh1 a5 33. a3 Kf8
34. axb4 axb4 35. Kf3 Ra7 36. Rb1 Ra2 37. Nd1 Ke7 38. Nf2 Ra3 39. Re1+ Kf7 40.
Re6 Rxb3+ 41. Kg2 Rb2 42. Rxd6 Rc2 43. Kf3 Rc3+ 44. Ke2 Rxc4 45. Ke3 Rc3+ 46.
Kd2 Rc4 47. Ke3 Rc3+ 48. Kd2 Rc4 49. Rb6 Rd4+ 50. Ke3 Rxd5 51. Ne4 Re5 52. Rxf6+
Ke7 53. Rb6 Bf7 54. Kd3 c4+ 55. Kd4 Rd5+ 56. Ke3 Rd3+ 57. Ke2 Bd5 58. Nxg5 b3
59. f6+ Ke8 60. Rb8+ Kd7 61. f7 Bxf7 62. Nxf7 Rg3 63. Kf2 Rh3 64. Ne5+ Kc7 65.
Rb4 Kd6 66. Rb5 Rc3 67. Nf3 Rc2+ 68. Ke3 b2 69. Nd4 Rh2 70. Ne2 Rh3+ 71. Kd4 Rh4
72. Kxc4 Rxg4+ 73. Kd3 Rh4 74. Rxb2 Rh3+ 75. Ke4 Rh5 76. Nf4 Rh4 77. Kf5 Kc5 78.
Ke5 Kc4 79. Rc2+ Kb3 80. Rc8 Rg4 81. Ne2 Rh4 82. Nd4+ Kb2 83. Rc2+ Kb1 84. Rg2
Rh5+ 85. Ke4 Rh4+ 86. Kd3 Rh3+ 87. Kc4 Rh8 88. Nb5 Rh4+ 89. Kb3 Kc1 90. Kc3 Rh3+
91. Kc4 Rh4+ 92. Nd4 Kb1 93. Rg3 Kb2 94. Rb3+ Kc1 95. Rd3 Kb2 96. Rd2+ Kc1 97.
Rg2 Kb1 98. Rg1+ Kb2 99. Rg2+ Kb1 100. Kd5 Rh5+ 101. Ke4 Rh4+ 102. Kd3 Rh3+ 103.
Kd2 Rh8 104. Rg3 Rd8 105. Rb3+ Ka2 106. Rd3 Kb1 107. Kc3 Rc8+ 108. Kb4 Rb8+ 109.
Nb5 Kc2 1/2-1/2

[Event "European Rapid 2014"]
[Site "Wroclaw POL"]
[Date "2014.12.21"]
[Round "10.60"]
[White "Zyla, Janusz"]
[Black "Maier, Christian"]
[Result "1-0"]
[WhiteTitle "FM"]
[BlackTitle "IM"]
[WhiteElo "2183"]
[BlackElo "2379"]
[WhiteFideId "1102338"]
[BlackFideId "4601955"]
[EventDate "2014.12.20"]

1. d4 Nf6 2. Nf3 e6 3. c4 d5 4. Nc3 c5 5. cxd5 exd5 6. Bg5 cxd4 7. Bxf6 Qxf6 8.
Nxd5 Qd8 9. Qxd4 Nc6 10. Qd2 Be6 11. Nc3 Qa5 12. e3 Rd8 13. Qc1 Be7 14. Be2 O-O
15. O-O a6 16. a3 Rc8 17. Qc2 b5 18. Bd3 g6 19. Be4 Bc4 20. Rfd1 b4 21. Nd5 Bxd5
22. Bxd5 Ne5 23. Qe4 Nxf3+ 24. gxf3 Bf6 25. axb4 Qb6 26. Bb7 Rc7 27. Rxa6 Qxb7
28. Rxf6 Qc8 29. b5 Re8 30. Qg4 Rc1 31. Rxc1 Qxc1+ 32. Kg2 Qxb2 33. Qd7 Rf8 34.
Qc6 Kg7 35. Rd6 h5 36. b6 h4 37. h3 Re8 38. Qxe8 1-0

[Event "European Rapid 2014"]
[Site "Wroclaw POL"]
[Date "2014.12.21"]
[Round "10.61"]
[White "Schwarz, Dusan"]
[Black "Pialesa, Siarhei"]
[Result "1-0"]
[WhiteElo "2342"]
[BlackElo "1620"]
[WhiteFideId "14903890"]
[BlackFideId "13512986"]
[EventDate "2014.12.20"]

1. d4 Nf6 2. c4 e6 3. Nc3 Bb4 4. f3 d5 5. a3 Bxc3+ 6. bxc3 c5 7. cxd5 exd5 8. e3
O-O 9. Bd3 Re8 10. Ne2 Nbd7 11. O-O b6 12. Ng3 Bb7 13. Ra2 a5 14. Re2 Ba6 15.
Bxa6 Rxa6 16. e4 Nf8 17. e5 N6d7 18. Nf5 g6 19. Nd6 Re6 20. f4 f5 21. dxc5 Nxc5
22. Qxd5 Ne4 23. Rxe4 fxe4 24. f5 gxf5 25. Rxf5 Qh4 26. g3 Qh3 27. Qb7 Rxd6 28.
Qf7+ 1-0

[Event "European Rapid 2014"]
[Site "Wroclaw POL"]
[Date "2014.12.21"]
[Round "10.62"]
[White "Ulanowski, Karol"]
[Black "Kashlinskaya, Alina"]
[Result "0-1"]
[BlackTitle "IM"]
[WhiteElo "2147"]
[BlackElo "2439"]
[WhiteFideId "1108964"]
[BlackFideId "4198026"]
[EventDate "2014.12.20"]

1. e4 e5 2. Nf3 Nc6 3. d4 exd4 4. Nxd4 Nf6 5. Nxc6 bxc6 6. e5 Qe7 7. Qe2 Nd5 8.
Qe4 g6 9. c4 Nb6 10. Nc3 Bg7 11. Bf4 O-O 12. Bd3 Re8 13. O-O Bxe5 14. Rae1 f6
15. Bg3 Ba6 16. Qh4 Bxg3 17. hxg3 Qf8 18. Ne4 Kg7 19. b3 d5 20. Nc3 Qb4 21. Rc1
Rad8 22. Qf4 Qd6 23. Qf3 dxc4 24. Be4 cxb3 25. Rfd1 b2 26. Rb1 Qe5 27. Bxc6
Rxd1+ 28. Nxd1 Qe1+ 29. Kh2 Re5 30. g4 Nc4 31. Qb3 Nd2 0-1

[Event "European Rapid 2014"]
[Site "Wroclaw POL"]
[Date "2014.12.21"]
[Round "10.63"]
[White "Kossobudzki, Robert"]
[Black "Lewtak, Damian"]
[Result "0-1"]
[WhiteElo "2065"]
[BlackElo "2340"]
[WhiteFideId "1107887"]
[BlackFideId "1141724"]
[EventDate "2014.12.20"]

1. Nf3 d5 2. b4 Nf6 3. Bb2 Bg4 4. e3 Nbd7 5. d4 e6 6. a3 a5 7. b5 Bd6 8. Nbd2
Ne4 9. Nxe4 dxe4 10. h3 Bh5 11. g4 Bg6 12. Nd2 h5 13. Bg2 hxg4 14. Nxe4 gxh3 15.
Nxd6+ cxd6 16. Bxb7 Rb8 17. Bc6 Qg5 18. Qf3 Bh5 19. Qg3 Qxg3 20. fxg3 Bg6 21.
Kd2 Ke7 22. Bxd7 Kxd7 23. a4 Be4 24. Rh2 d5 25. Ba3 Bg2 26. Bc5 f6 27. Rg1 Rh6
28. Rhxg2 hxg2 29. Rxg2 Rh1 30. g4 Ra1 31. g5 f5 32. g6 Rxa4 33. b6 Rb4 34. Rh2
Rb5 35. Rh7 Rg8 36. c4 Rb3 37. cxd5 exd5 38. Rh1 a4 39. Rf1 Ke6 40. Ra1 Ra8 41.
Kc2 Rb5 42. Ra3 Kf6 43. Ra1 Kxg6 44. Rg1+ Kf7 45. Rf1 g6 46. e4 dxe4 47. Kc3 Rb8
48. Kc4 R5xb6 49. Bxb6 Rxb6 50. Kd5 a3 51. Ra1 Ra6 52. Ke5 a2 53. d5 e3 54. d6
Ra5+ 55. Kf4 Ke6 56. Kxe3 Kxd6 57. Kf4 Kd5 58. Ke3 Kc4 59. Kd2 Kb3 60. Ke1 0-1

[Event "European Rapid 2014"]
[Site "Wroclaw POL"]
[Date "2014.12.21"]
[Round "10.64"]
[White "Satonen, Arto"]
[Black "Boe, Mads"]
[Result "0-1"]
[BlackTitle "FM"]
[WhiteElo "2082"]
[BlackElo "2351"]
[WhiteFideId "501816"]
[BlackFideId "1401408"]
[EventDate "2014.12.20"]

1. e4 e5 2. Nf3 d6 3. Bc4 Be7 4. d4 exd4 5. Nxd4 Nf6 6. Nc3 Nc6 7. O-O O-O 8.
Bg5 Bd7 9. Re1 a6 10. Nf5 Bxf5 11. exf5 Qd7 12. Qd3 Rae8 13. a3 Ne5 14. Qd4 Qxf5
15. f4 Nxc4 16. Qxc4 c6 17. Qb3 b5 18. Rad1 d5 19. Ne2 Bc5+ 20. Kh1 Ne4 21. Bh4
Qh5 22. Bg3 Bf2 23. Rf1 Qxe2 0-1

[Event "European Rapid 2014"]
[Site "Wroclaw POL"]
[Date "2014.12.21"]
[Round "10.65"]
[White "Girya, Olga"]
[Black "Goslawski, Michal"]
[Result "1-0"]
[WhiteTitle "WGM"]
[WhiteElo "2457"]
[BlackElo "2151"]
[WhiteFideId "4195752"]
[BlackFideId "1171259"]
[EventDate "2014.12.20"]

1. d4 Nf6 2. Nf3 e6 3. c4 d5 4. Nc3 Bb4 5. Bg5 h6 6. Bxf6 Qxf6 7. Qa4+ Nc6 8. e3
Bd7 9. Qb3 dxc4 10. Bxc4 O-O 11. O-O Bd6 12. Bd3 a6 13. Rac1 e5 14. Nd5 Qd8 15.
dxe5 Nxe5 16. Nxe5 Bxe5 17. f4 Bd6 18. Qxb7 Rb8 19. Qxa6 Rxb2 20. Rb1 Qb8 21.
Qc4 Re8 22. Bc2 c6 23. Qd4 Ba3 24. Qd3 cxd5 25. Qxa3 Rb6 26. Qd3 g6 27. Qd4 Rxb1
28. Rxb1 Qc7 29. Bb3 Be6 30. Rd1 Rd8 31. e4 Qxf4 32. exd5 Qd6 33. Rf1 Bd7 34.
Qf4 Qf8 35. d6 Bf5 36. Rd1 Qe8 37. h3 Kg7 38. Qd4+ Kh7 39. Qf6 Qe3+ 40. Kh1 Rd7
41. Bxf7 Qe2 42. Bb3 Be4 43. Rg1 Qd3 44. Qe6 Bf5 45. Qg8# 1-0

[Event "European Rapid 2014"]
[Site "Wroclaw POL"]
[Date "2014.12.21"]
[Round "10.66"]
[White "Warakomska, Anna"]
[Black "Bernotas, Arturs"]
[Result "1/2-1/2"]
[WhiteTitle "WFM"]
[WhiteElo "2216"]
[BlackElo "2272"]
[WhiteFideId "1130790"]
[BlackFideId "11601426"]
[EventDate "2014.12.20"]

1. e4 c5 2. Nf3 d6 3. d4 cxd4 4. Nxd4 Nf6 5. Nc3 a6 6. h3 e5 7. Nde2 h5 8. g3
Be7 9. Bg2 Be6 10. Bg5 Nbd7 11. a4 Rc8 12. O-O Qc7 13. Qd2 O-O 14. Rad1 Bc4 15.
Rfe1 b5 16. axb5 axb5 17. Nc1 b4 18. N3e2 Qb7 19. b3 Be6 20. Nd3 d5 21. Bxf6
Nxf6 22. Nxe5 Nxe4 23. Bxe4 dxe4 24. Nf4 Bg5 25. Qe2 Bxf4 26. gxf4 g6 27. Qxe4
Qxe4 28. Rxe4 Bxh3 29. Rxb4 Rxc2 30. Rb7 Be6 31. b4 Rb2 32. b5 Rc8 33. Nc6 Kg7
34. Nd8 Ba2 35. b6 Rcc2 36. Nxf7 Bxf7 37. Rdd7 Rxf2 38. Rxf7+ Kg8 39. Rg7+ Kf8
40. Rgf7+ Kg8 41. Rg7+ Kf8 42. Rgf7+ 1/2-1/2